000 00370nam a2200157Ia 4500
008 221030s9999 xx 000 0 und d
020 _a0070586187
041 _aEnglish
082 _a105.23
_bRob
100 _aM. Robert
245 0 _aStrategy - Pure & Simple II
_cby M. Robert
260 _bTMH
_aNew Delhi
_c2004
300 _a269
650 _aManagement
942 _cBK
999 _c871
_d871